Το θηρίο είναι παντού

Αποθηκεύτηκε σε:
Λεπτομέρειες βιβλιογραφικής εγγραφής
Κύριος συγγραφέας: Γκιμοσούλης, Κωστής, 1960-
Μορφή: Βιβλίο
Γλώσσα:Greek
Δημοσίευση: Αθήνα : Κέδρος, c2003.
Έκδοση:2η έκδοση.
Θέματα:
Ετικέτες: Προσθήκη ετικέτας
Δεν υπάρχουν, Καταχωρήστε ετικέτα πρώτοι!

MARC

LEADER 00000cam a2200000 a 4500
001 1/123871
008 211104s2003####gr | ||| |||| ||gre||
020 |a 9600423660 
040 |a GR-MyUa  |b gre  |c GR-MyUa  |e AACR2 
041 0 |a gre 
082 7 |a 889.3   |2 (23) 
100 1 |a Γκιμοσούλης, Κωστής,   |d 1960- 
245 1 3 |a Το θηρίο είναι παντού /   |c Κωστής Γκιμοσούλης.  
250 |a 2η έκδοση. 
260 |a Αθήνα :   |b Κέδρος,   |c c2003. 
300 |a 147 σ. ;   |c 21 εκ. 
650 0 |a Greek fiction. 
970 |a Κοντού  |b Παρασκευή  |z 04/11/2021